|
|
|
|
| LEADER |
00000nam1a2200000 4500 |
| 001 |
311140 |
| 005 |
20231102002345.0 |
| 020 |
|
|
|a RU
|b 82-20438
|
| 035 |
|
|
|a (RuTPU)RU\TPU\book\336495
|
| 090 |
|
|
|a 311140
|
| 100 |
|
|
|a 20151203d1982 km y0rusy5003 ca
|
| 101 |
1 |
|
|a rus
|c eng
|
| 200 |
1 |
|
|a Планеты и луны
|f У. Кауфман
|g пер. с англ. С. В. Маевой
|d Planets and moons
|
| 210 |
|
|
|a Москва
|c Мир
|d 1982
|
| 215 |
|
|
|a 216 с.
|c ил.
|
| 510 |
1 |
|
|a Planets and moons
|z eng
|
| 606 |
1 |
|
|a Планеты
|x Физика
|2 stltpush
|3 (RuTPU)RU\TPU\subj\49004
|9 67816
|
| 610 |
1 |
|
|a луны
|
| 610 |
1 |
|
|a Солнечная система
|
| 610 |
1 |
|
|a изучение
|
| 610 |
1 |
|
|a космические аппараты
|
| 610 |
1 |
|
|a природа
|
| 610 |
1 |
|
|a свойства
|
| 610 |
1 |
|
|a астрофизика
|
| 675 |
|
|
|a 523.4
|z rus
|v 3
|
| 700 |
|
1 |
|a Кауфман
|b У. Д.
|g Уильям Дж.
|4 070
|
| 801 |
|
0 |
|a RU
|b RuMRKP
|c 19950704
|g psbo
|
| 801 |
|
1 |
|a RU
|b 63413507
|c 20151203
|
| 801 |
|
2 |
|a RU
|b 63413507
|c 20191014
|g RCR
|
| 942 |
|
|
|c BK
|